| 000 | 00357nam a2200157Ia 4500 | ||
|---|---|---|---|
| 100 | _aRamesh Kumari | ||
| 650 | _aComputers | ||
| 942 | _cBK | ||
| 366 | _f20 | ||
| 245 | _aComputers and their applications to Chemistry | ||
| 260 |
_bNarosa Publication House _c2007 |
||
| 082 |
_a540 _bKUM |
||
| 300 | _a340 | ||
| 546 |
_aENGLISH _cComputers |
||
| 999 |
_c20178 _d20178 |
||